[Event "SF Neuenkirchen 1 - Ratinger SK 1"]
[Site "NRW-Klasse, Gruppe 1 2016/201"]
[Date "2016.10.23"]
[Round "2.2"]
[White "Buendgen, Achim"]
[Black "Busch, Christian"]
[Result "0-1"]
[WhiteElo "2161"]
[BlackElo "2082"]
[PlyCount "92"]
[EventDate "2016.??.??"]
[WhiteTeam "SF Neuenkirchen 1"]
[BlackTeam "Ratinger SK 1"]

1. e4 d5 2. exd5 Nf6 3. Bb5+ Bd7 4. Bc4 Bg4 5. f3 Bf5 6. Nc3 Nbd7 7. Qe2 Nb6 8.
Bb3 g6 9. a4 a5 10. Nb5 Bg7 11. Qe5 O-O 12. Qxc7 Qxc7 13. Nxc7 Rac8 14. Nb5
Nfxd5 15. d3 Nb4 16. Kd1 Rfd8 17. Nc3 Nc4 18. Bxc4 Rxc4 19. Nge2 Rc6 20. Nf4 e5
21. g4 Bc8 22. Nfe2 e4 23. fxe4 Bxg4 24. Re1 Rxc3 25. bxc3 Bxc3 26. Rb1 Bxe1
27. Kxe1 Nxc2+ 28. Kd2 Nb4 29. Rb3 Bd7 30. Ra3 Bc6 31. Ng3 h5 32. h4 b6 33. Bb2
Bxa4 34. Bf6 Rd7 35. d4 Bc6 36. Rc3 Kh7 37. Ke3 Bb7 38. d5 Na6 39. Rb3 Nb4 40.
Bc3 Bxd5 41. exd5 Nxd5+ 42. Ke4 a4 43. Ra3 Nxc3+ 44. Rxc3 Ra7 45. Rc1 a3 46.
Kd3 a2 0-1

[Event "SF Neuenkirchen 1 - Ratinger SK 1"]
[Site "NRW-Klasse, Gruppe 1 2016/201"]
[Date "2016.10.23"]
[Round "2.3"]
[White "Nent, Alexander"]
[Black "Vos, Thomas"]
[Result "0-1"]
[WhiteElo "2099"]
[BlackElo "2180"]
[PlyCount "72"]
[EventDate "2016.??.??"]
[WhiteTeam "Ratinger SK 1"]
[BlackTeam "SF Neuenkirchen 1"]

1. d4 e6 2. c4 f5 3. g3 Nf6 4. Bg2 d5 5. Nf3 Bb4+ 6. Bd2 Bd6 7. O-O c6 8. Qb3
Nbd7 9. Bb4 Qe7 10. Bxd6 Qxd6 11. Nc3 O-O 12. Rad1 Kh8 13. e3 b6 14. cxd5 exd5
15. Qa4 a5 16. Rc1 Ba6 17. Rfd1 Rac8 18. Qb3 b5 19. Qc2 b4 20. Na4 Ne4 21. Nd2
Bb5 22. f3 Nxd2 23. Rxd2 Qh6 24. f4 Rce8 25. Nc5 Nf6 26. Qxf5 Ne4 27. Bxe4 Rxf5
28. Bxf5 Rxe3 29. Nd7 Qh5 30. g4 Qh4 31. Rf2 g6 32. Ne5 gxf5 33. gxf5 Qf6 34.
Rg2 Qxf5 35. Kh1 Bd3 36. Rxc6 Re1+ 0-1

[Event "SF Neuenkirchen 1 - Ratinger SK 1"]
[Site "NRW-Klasse, Gruppe 1 2016/201"]
[Date "2016.10.23"]
[Round "2.4"]
[White "Hachmeister, Dirk"]
[Black "Graeber, Ralf"]
[Result "1/2-1/2"]
[WhiteElo "2147"]
[BlackElo "2117"]
[PlyCount "93"]
[EventDate "2016.??.??"]
[WhiteTeam "SF Neuenkirchen 1"]
[BlackTeam "Ratinger SK 1"]

1. Nf3 Nf6 2. d4 e6 3. Bg5 Be7 4. Nbd2 O-O 5. e3 b6 6. Bd3 Ba6 7. Qe2 Bxd3 8.
Qxd3 d5 9. O-O Nbd7 10. c4 c5 11. Rac1 cxd4 12. Qxd4 h6 13. Bh4 dxc4 14. Nxc4
Nd5 15. Bg3 Bf6 16. Qe4 Rc8 17. Qb1 b5 18. Nd6 Rxc1 19. Rxc1 a6 20. e4 N5b6 21.
b3 Qa8 22. h3 Be7 23. e5 Nd5 24. Nd4 Nb8 25. a4 b4 26. Rc4 Nc3 27. Qd3 a5 28.
N4b5 Qd5 29. Qxd5 exd5 30. Rc7 Bd8 31. Rc8 Ne2+ 32. Kf1 Nxg3+ 33. fxg3 Nd7 34.
Nb7 Bb6 35. Rc6 Rb8 36. N5d6 Bd4 37. Nxa5 Nxe5 38. Rc8+ Rxc8 39. Nxc8 Kf8 40.
Nd6 Bb6 41. Nab7 Nc6 42. g4 g6 43. Ke1 Bc7 44. Nb5 Bb6 45. N5d6 Bc7 46. Nb5 Bb6
47. N5d6 1/2-1/2

[Event "SF Neuenkirchen 1 - Ratinger SK 1"]
[Site "NRW-Klasse, Gruppe 1 2016/201"]
[Date "2016.10.23"]
[Round "2.5"]
[White "Probst, Andreas"]
[Black "Seegers, Hendrik"]
[Result "1-0"]
[WhiteElo "2111"]
[BlackElo "2132"]
[PlyCount "105"]
[EventDate "2016.??.??"]
[WhiteTeam "Ratinger SK 1"]
[BlackTeam "SF Neuenkirchen 1"]

1. Nf3 d5 2. g3 Nf6 3. Bg2 e6 4. d3 Be7 5. O-O O-O 6. Nbd2 b6 7. e4 dxe4 8.
dxe4 Bb7 9. e5 Nfd7 10. Re1 h6 11. h4 Qc8 12. Nf1 Rd8 13. Qe2 c5 14. N1h2 Nc6
15. c3 Qc7 16. Bf4 Bf8 17. h5 Ne7 18. Rad1 Rac8 19. g4 Nb8 20. g5 hxg5 21. Bxg5
Rxd1 22. Rxd1 Rd8 23. Rxd8 Qxd8 24. Ng4 Qd5 25. h6 Ba6 26. Qe3 Nf5 27. Qf4 Qc4
28. hxg7 Bxg7 29. Qxc4 Bxc4 30. b3 Be2 31. Nf6+ Bxf6 32. Bxf6 Nd7 33. Ng5 Nxf6
34. exf6 Bd3 35. Bf3 Nd6 36. Bh5 a5 37. a3 Kf8 38. f4 Bc2 39. b4 cxb4 40. cxb4
a4 41. Kf2 Bb3 42. Ke2 e5 43. fxe5 Nb5 44. e6 Bxe6 45. Nxe6+ fxe6 46. Kd2 Nxa3
47. Be2 b5 48. Kc3 Kf7 49. Kb2 Nc4+ 50. Bxc4 bxc4 51. b5 Kxf6 52. b6 Ke5 53. b7
1-0

[Event "SF Neuenkirchen 1 - Ratinger SK 1"]
[Site "NRW-Klasse, Gruppe 1 2016/201"]
[Date "2016.10.23"]
[Round "2.6"]
[White "Rieke, Theo"]
[Black "Dinescu, Adrian"]
[Result "1/2-1/2"]
[WhiteElo "1965"]
[BlackElo "2117"]
[PlyCount "65"]
[EventDate "2016.??.??"]
[WhiteTeam "SF Neuenkirchen 1"]
[BlackTeam "Ratinger SK 1"]

1. g3 d5 2. Bg2 e6 3. Nf3 Nf6 4. O-O c5 5. c4 Be7 6. cxd5 exd5 7. d4 O-O 8. Nc3
Nc6 9. Bg5 cxd4 10. Nxd4 h6 11. Be3 Re8 12. Qb3 Na5 13. Qc2 Nc4 14. Bf4 Qb6 15.
Nxd5 Nxd5 16. Bxd5 Nd6 17. Be3 Qa5 18. Bg2 Bg4 19. Rfc1 Rac8 20. Qb3 Bf6 21. h3
Bxd4 22. Bxd4 Bxe2 23. Qd5 Qxd5 24. Bxd5 b6 25. a4 Nf5 26. Rxc8 Rxc8 27. Bc3
Rd8 28. Re1 Rxd5 29. Rxe2 Rd1+ 30. Kg2 Ra1 31. a5 bxa5 32. Re5 Nd6 33. Rxa5
1/2-1/2

[Event "SF Neuenkirchen 1 - Ratinger SK 1"]
[Site "NRW-Klasse, Gruppe 1 2016/201"]
[Date "2016.10.23"]
[Round "2.7"]
[White "Krueger, Norbert"]
[Black "Scho, Christian"]
[Result "1/2-1/2"]
[WhiteElo "1990"]
[BlackElo "2072"]
[Annotator "Hausrath,Daniel"]
[PlyCount "53"]
[EventDate "2016.??.??"]
[WhiteTeam "Ratinger SK 1"]
[BlackTeam "SF Neuenkirchen 1"]

1. e4 c5 2. c3 d5 3. exd5 Qxd5 4. d4 e6 5. Nf3 Nf6 6. Be2 Be7 7. O-O O-O 8. Be3
Rd8 9. dxc5 Qxd1 10. Rxd1 Rxd1+ 11. Bxd1 Nfd7 12. Nd4 Bxc5 13. Nd2 e5 14. Nf5
Bxe3 $11 15. Nxe3 Nf6 16. b4 Nc6 17. Ndc4 a6 18. Nd6 Rb8 19. Bb3 Be6 20. Bxe6
fxe6 21. a3 Kf8 22. c4 Ke7 23. c5 b6 24. Nec4 bxc5 25. bxc5 Rb3 26. g3 Nd7 27.
Ne4 1/2-1/2

[Event "SF Neuenkirchen 1 - Ratinger SK 1"]
[Site "NRW-Klasse, Gruppe 1 2016/201"]
[Date "2016.10.23"]
[Round "2.8"]
[White "Beckmann, Klaus"]
[Black "Brosig, Boris"]
[Result "1/2-1/2"]
[WhiteElo "2083"]
[BlackElo "2128"]
[Annotator "Hausrath,Daniel"]
[PlyCount "98"]
[EventDate "2016.??.??"]
[WhiteTeam "SF Neuenkirchen 1"]
[BlackTeam "Ratinger SK 1"]

1. e4 c5 2. Nf3 e6 3. Nc3 Nc6 4. g3 d6 5. Bg2 g6 6. d4 Bg7 7. dxc5 dxc5 8.
Qxd8+ Kxd8 9. Be3 Bxc3+ 10. bxc3 b6 11. O-O-O+ Ke7 12. e5 Bb7 13. Nd2 h6 14.
Nc4 Na5 15. Bxb7 Nxb7 16. Rd2 Rd8 17. Rhd1 Rxd2 18. Rxd2 Ke8 19. Kb2 Ne7 20.
Kb3 $11 Nd5 21. Rd1 Kd7 22. Bc1 Kc7 23. Nd6 Nxd6 24. exd6+ Kd7 25. c4 Nb4 26.
Bb2 Re8 27. Be5 Nc6 28. f4 Nxe5 29. fxe5 f6 30. exf6 Rf8 31. Rf1 Kxd6 32. Rd1+
Ke5 33. Rd7 Rxf6 34. Rxa7 Kf5 35. Kc3 Ke4 36. a4 e5 37. Ra6 Kf5 38. Kd3 e4+ 39.
Ke3 Ke5 40. c3 Rf3+ 41. Kd2 Rd3+ 42. Ke2 Rxc3 43. Rxb6 Kd4 44. Rd6+ Kxc4 45.
Rxg6 Rc2+ 46. Ke3 Rxh2 47. Kxe4 Kb4 48. Rb6+ Kxa4 49. Kd5 Rg2 1/2-1/2

[Event "PSV Duisburg 1 - SF Lieme 1"]
[Site "NRW-Klasse, Gruppe 1 2016/201"]
[Date "2016.10.23"]
[Round "2.1"]
[White "Essing, Arnold"]
[Black "Wengenroth, Walter"]
[Result "1/2-1/2"]
[WhiteElo "2186"]
[BlackElo "2225"]
[PlyCount "29"]
[EventDate "2016.??.??"]
[WhiteTeam "SF Lieme 1"]
[BlackTeam "PSV Duisburg 1"]

1. d4 Nf6 2. Nf3 e6 3. c4 b6 4. g3 Ba6 5. b3 Bb7 6. Bg2 Bb4+ 7. Bd2 c5 8. dxc5
Bxc5 9. Nc3 Be7 10. O-O d6 11. Nd4 Bxg2 12. Kxg2 Qc7 13. e3 Qb7+ 14. Qf3 Qxf3+
15. Kxf3 1/2-1/2

[Event "PSV Duisburg 1 - SF Lieme 1"]
[Site "NRW-Klasse, Gruppe 1 2016/201"]
[Date "2016.10.23"]
[Round "2.2"]
[White "Heisel, Guido"]
[Black "Wittke, Rene"]
[Result "0-1"]
[WhiteElo "2088"]
[BlackElo "2191"]
[PlyCount "102"]
[EventDate "2016.??.??"]
[WhiteTeam "PSV Duisburg 1"]
[BlackTeam "SF Lieme 1"]

1. d4 Nf6 2. Bg5 c6 3. Bxf6 gxf6 4. e3 Qb6 5. b3 d5 6. g3 Bf5 7. Bg2 e5 8. Ne2
Nd7 9. O-O h5 10. c4 Be4 11. cxd5 Bxd5 12. e4 Be6 13. d5 cxd5 14. exd5 Bf5 15.
Nbc3 h4 16. Rc1 Bd6 17. Ne4 Nc5 18. Nxc5 Bxc5 19. Nc3 hxg3 20. hxg3 Ba3 21. Qf3
Bg6 22. d6 O-O 23. Rcd1 Kg7 24. Qxb7 Qxb7 25. Bxb7 Rab8 26. Bg2 Rfd8 27. d7 Bf5
28. Bc6 Rb6 29. Ba4 Bc5 30. Rd5 Bd4 31. Ne2 Be4 32. Rxd4 exd4 33. Nxd4 Rd6 34.
Rd1 Kg6 35. Rd2 Bf5 36. Nf3 Rxd2 37. Nxd2 Bxd7 38. Bxd7 Rxd7 39. Nc4 Rd1+ 40.
Kg2 Ra1 41. a4 Rb1 42. Na5 Kf5 43. Kf3 Rb2 44. g4+ Ke6 45. Ke3 Kd5 46. f3 a6
47. Kf4 Kc5 48. Kf5 Rf2 49. f4 Kb4 50. Nb7 Rd2 51. Kxf6 Rd7 0-1

[Event "PSV Duisburg 1 - SF Lieme 1"]
[Site "NRW-Klasse, Gruppe 1 2016/201"]
[Date "2016.10.23"]
[Round "2.3"]
[White "Himpenmacher, Andy"]
[Black "Kretschmann, Thomas"]
[Result "1-0"]
[WhiteElo "2169"]
[BlackElo "2104"]
[PlyCount "103"]
[EventDate "2016.??.??"]
[WhiteTeam "SF Lieme 1"]
[BlackTeam "PSV Duisburg 1"]

1. e4 e5 2. Nf3 Nc6 3. Bb5 a6 4. Ba4 Nf6 5. O-O b5 6. Bb3 Be7 7. Re1 d6 8. c3
O-O 9. h3 Na5 10. Bc2 c5 11. d4 Qc7 12. Nbd2 cxd4 13. cxd4 Bb7 14. Nf1 Rac8 15.
Bd3 Nc4 16. Ng3 g6 17. b3 Nb6 18. Bh6 Rfe8 19. Rc1 Qb8 20. Qd2 Rxc1 21. Rxc1 d5
22. dxe5 Nxe4 23. Qe3 Nxg3 24. Qxb6 Bd8 25. Qd4 Nh5 26. a4 bxa4 27. Qxa4 Be7
28. Bxa6 Bxa6 29. Qxa6 Ng7 30. Bxg7 Kxg7 31. Qc6 Rd8 32. Qc7 Kf8 33. Qc3 d4 34.
Nxd4 Bb4 35. Qe3 Qb6 36. Rc4 Kg8 37. Nc2 Qxe3 38. Nxe3 Ba3 39. Nc2 Rd1+ 40. Kh2
Bb2 41. Rc5 Rc1 42. f4 h6 43. b4 g5 44. fxg5 hxg5 45. Kg3 Kh7 46. Ne3 Rb1 47.
Nc4 Bc1 48. b5 Bf4+ 49. Kf3 Rc1 50. Ke4 f6 51. e6 Kg6 52. Ne5+ 1-0

[Event "PSV Duisburg 1 - SF Lieme 1"]
[Site "NRW-Klasse, Gruppe 1 2016/201"]
[Date "2016.10.23"]
[Round "2.4"]
[White "Sponheim, Marko"]
[Black "Schaffarczyk, Andre"]
[Result "1-0"]
[WhiteElo "1989"]
[BlackElo "2129"]
[PlyCount "151"]
[EventDate "2016.??.??"]
[WhiteTeam "PSV Duisburg 1"]
[BlackTeam "SF Lieme 1"]

1. e4 c5 2. Nf3 d6 3. d4 cxd4 4. Nxd4 Nf6 5. Nc3 e6 6. Be2 Be7 7. O-O O-O 8.
Be3 Nc6 9. f4 e5 10. Nb3 a5 11. a3 a4 12. Nc1 exf4 13. Rxf4 Be6 14. N1a2 Ne8
15. Rf1 Bf6 16. Bb5 Be5 17. Qd2 Nf6 18. h3 Qa5 19. Qd3 Rac8 20. Bxa4 Bxa2 21.
Bxc6 Bxc3 22. Rxa2 Rxc6 23. bxc3 Rxc3 24. Qd4 Qe5 25. Re1 Rfc8 26. Qd1 R8c4 27.
Bd2 Qc5+ 28. Kh1 Rxc2 29. Rxc2 Rxc2 30. e5 dxe5 31. Bb4 Qc8 32. Qa1 Qc6 33. Rg1
e4 34. Qe5 h6 35. Be7 Nd7 36. Qf4 Qe6 37. Bb4 Qe5 38. Qf1 Nf6 39. Qd1 Qc7 40.
Bd6 Qc6 41. Be5 Nd7 42. Bd4 Nf8 43. Ba1 Qc4 44. Qg4 Ne6 45. Qd1 e3 46. Qe1 e2
47. Be5 Qd3 48. Qb4 Qd1 49. Bg3 Rc1 50. Re1 b5 51. Kh2 Qc2 52. Qxb5 Rxe1 53.
Bxe1 Qc7+ 54. Kh1 Nf4 55. a4 Qc1 56. Qa5 g6 57. Qd8+ Kh7 58. Qd2 Qxd2 59. Bxd2
Nd5 60. Kg1 Kg8 61. Kf2 h5 62. Kxe2 Kf8 63. a5 Nc7 64. Bf4 Na8 65. Kd3 Ke7 66.
Ke4 Ke6 67. Be5 f6 68. Bb8 f5+ 69. Kd4 g5 70. Kc5 Kd7 71. Kd5 g4 72. Bf4 h4 73.
Be5 gxh3 74. gxh3 Nc7+ 75. Bxc7 Kxc7 76. Ke5 1-0

[Event "PSV Duisburg 1 - SF Lieme 1"]
[Site "NRW-Klasse, Gruppe 1 2016/201"]
[Date "2016.10.23"]
[Round "2.5"]
[White "Stork, Holger"]
[Black "Brueggemann, Josef"]
[Result "1/2-1/2"]
[WhiteElo "2092"]
[BlackElo "1945"]
[PlyCount "41"]
[EventDate "2016.??.??"]
[WhiteTeam "SF Lieme 1"]
[BlackTeam "PSV Duisburg 1"]

1. e4 e5 2. Bc4 Bc5 3. Nf3 Nc6 4. d3 d6 5. c3 a6 6. O-O Bg4 7. Nbd2 Nf6 8. Re1
O-O 9. Bb3 Qd7 10. Nf1 d5 11. Qe2 h6 12. h3 Be6 13. Bc2 d4 14. Ng3 Rad8 15. Nh4
dxc3 16. bxc3 Bxh3 17. gxh3 Qxh3 18. Nhf5 Ng4 19. Ne3 Qh2+ 20. Kf1 Qh3+ 21. Kg1
1/2-1/2

[Event "PSV Duisburg 1 - SF Lieme 1"]
[Site "NRW-Klasse, Gruppe 1 2016/201"]
[Date "2016.10.23"]
[Round "2.6"]
[White "Spitzer, Erwin"]
[Black "Niermann, Tristan"]
[Result "0-1"]
[WhiteElo "1915"]
[BlackElo "2122"]
[PlyCount "40"]
[EventDate "2016.??.??"]
[WhiteTeam "PSV Duisburg 1"]
[BlackTeam "SF Lieme 1"]

1. e4 e5 2. Nf3 Nc6 3. Bc4 Nf6 4. Ng5 d5 5. exd5 Na5 6. Bb5+ c6 7. dxc6 bxc6 8.
Qf3 Rb8 9. Ba4 Be7 10. Nc3 O-O 11. d3 Nd5 12. Qh5 h6 13. Nh3 Rb4 14. Bb3 Nxb3
15. axb3 Bg4 16. Qxe5 Bf6 17. Qg3 Nxc3 18. Nf4 Qe7+ 19. Be3 Bh4 20. Qxg4 Qxe3+
0-1

[Event "PSV Duisburg 1 - SF Lieme 1"]
[Site "NRW-Klasse, Gruppe 1 2016/201"]
[Date "2016.10.23"]
[Round "2.7"]
[White "Schulte, Oliver"]
[Black "Hehlke, Oliver"]
[Result "1/2-1/2"]
[WhiteElo "2035"]
[BlackElo "1762"]
[PlyCount "120"]
[EventDate "2016.??.??"]
[WhiteTeam "SF Lieme 1"]
[BlackTeam "PSV Duisburg 1"]

1. d4 Nf6 2. Nf3 g6 3. Bg5 Bg7 4. Nbd2 d5 5. c3 O-O 6. Ne5 c5 7. e3 Nc6 8. f4
Qb6 9. Qb3 c4 10. Qxb6 axb6 11. Be2 b5 12. O-O Nd7 13. e4 f6 14. Nxd7 Bxd7 15.
exd5 fxg5 16. dxc6 Bxc6 17. fxg5 Rxf1+ 18. Bxf1 e5 19. dxe5 Bxe5 20. Nf3 Bxf3
21. gxf3 Bf4 22. a3 Bxg5 23. Rd1 Rd8 24. Rxd8+ Bxd8 25. a4 bxa4 26. Bxc4+ Kg7
27. Bb5 a3 28. bxa3 Kf6 29. Kf2 Bc7 30. h3 Kf5 31. Bd3+ Kf4 32. Be4 b6 33. Bd5
Bd6 34. a4 g5 35. Be6 h6 36. Ke2 Bc5 37. Bg4 Ke5 38. Kd3 Kd5 39. Bh5 Bf2 40.
Bf7+ Ke5 41. Kc4 Kd6 42. Kb5 Be3 43. c4 Bf2 44. a5 bxa5 45. Kxa5 Be3 46. Kb4
Bd4 47. Kb3 Ke5 48. Bh5 Bc5 49. Kc3 Bd4+ 50. Kb4 Kd6 51. Kb5 Be3 52. Bf7 Bd4
53. Ka6 Bc5 54. Kb7 Kd7 55. Bh5 Bb4 56. Kb6 Kd6 57. Be8 Bc5+ 58. Kb7 Bb4 59.
Kc8 Ba5 60. Bf7 Bb6 1/2-1/2

[Event "PSV Duisburg 1 - SF Lieme 1"]
[Site "NRW-Klasse, Gruppe 1 2016/201"]
[Date "2016.10.23"]
[Round "2.8"]
[White "Kilkowski, Michael"]
[Black "Stukenbrok, Nils"]
[Result "0-1"]
[WhiteElo "1851"]
[BlackElo "1957"]
[PlyCount "102"]
[EventDate "2016.??.??"]
[WhiteTeam "PSV Duisburg 1"]
[BlackTeam "SF Lieme 1"]

1. d4 Nf6 2. c4 e6 3. Nc3 Bb4 4. Qc2 O-O 5. Nf3 b6 6. e4 Bb7 7. Bd3 d5 8. cxd5
exd5 9. e5 Ne4 10. O-O f5 11. exf6 Nxf6 12. Ng5 Nc6 13. Bxh7+ Kh8 14. Rd1 Qe7
15. Qd3 Rae8 16. Bd2 Bxc3 17. bxc3 Qe2 18. Re1 Qxd3 19. Bxd3 Rxe1+ 20. Rxe1 Bc8
21. Bf4 Re8 22. Rxe8+ Nxe8 23. Bb5 Bd7 24. Nf7+ Kg8 25. Nd8 Nb8 26. Bxd7 Nxd7
27. Nc6 a5 28. Ne7+ Kf7 29. Nxd5 c6 30. Ne3 c5 31. d5 b5 32. Kf1 Nb6 33. Ke1
Nf6 34. Bc7 Nfxd5 35. Nxd5 Nxd5 36. Bxa5 Nf4 37. Kf1 Ke6 38. g3 Nd3 39. a3 Ne5
40. Ke2 Nc4 41. Bc7 Nxa3 42. f4 Nc4 43. g4 Kd5 44. f5 Ke4 45. h3 b4 46. cxb4
cxb4 47. Kd1 b3 48. Bg3 Kd3 49. Kc1 b2+ 50. Kb1 Kc3 51. Ka2 Kc2 0-1

[Event "SK Münster 1 - Bochumer SV 1"]
[Site "NRW-Klasse, Gruppe 1 2016/201"]
[Date "2016.11.13"]
[Round "3.1"]
[White "Zaitsev, Mikhail"]
[Black "Webb, Laurence"]
[Result "1/2-1/2"]
[WhiteElo "2463"]
[BlackElo "2264"]
[PlyCount "85"]
[EventDate "2016.??.??"]
[WhiteTeam "Bochumer SV 1"]
[BlackTeam "SK Münster 1"]

1. e4 e6 2. d4 d5 3. Nd2 c5 4. exd5 exd5 5. Ngf3 Nf6 6. Bb5+ Bd7 7. Bxd7+ Nbxd7
8. O-O Be7 9. dxc5 Nxc5 10. Nb3 Nce4 11. Nfd4 Qd7 12. f3 Nd6 13. Nc5 Qc8 14.
Nd3 O-O 15. Re1 Bd8 16. Be3 Bb6 17. Bf2 Re8 18. Rxe8+ Qxe8 19. Qd2 Qd7 20. Re1
Re8 21. b3 Rxe1+ 22. Qxe1 Nb5 23. Nxb5 Qxb5 24. a4 Qc6 25. Bxb6 Qxb6+ 26. Qf2
Kf8 27. g4 Ke7 28. Qxb6 axb6 29. Kf2 Kd6 30. Ke3 Ne8 31. f4 g6 32. Ne5 f6 33.
Nf3 Ng7 34. h3 h5 35. b4 hxg4 36. hxg4 Ne6 37. g5 fxg5 38. fxg5 Ng7 39. Nh4 Ne6
40. Nxg6 Nxg5 41. Nf4 Ke5 42. Nd3+ Kd6 43. Nf2 1/2-1/2

[Event "SK Münster 1 - Bochumer SV 1"]
[Site "NRW-Klasse, Gruppe 1 2016/201"]
[Date "2016.11.13"]
[Round "3.2"]
[White "Holtel, Jasper"]
[Black "Zatonskih, Anna"]
[Result "1/2-1/2"]
[WhiteElo "2188"]
[BlackElo "2445"]
[Annotator "Hausrath,Daniel"]
[PlyCount "59"]
[EventDate "2016.??.??"]
[WhiteTeam "SK Münster 1"]
[BlackTeam "Bochumer SV 1"]

1. e4 e6 2. d4 d5 3. Nd2 c5 4. exd5 exd5 5. Ngf3 Nc6 6. Bb5 cxd4 7. O-O Bd6 8.
h3 a6 9. Bxc6+ bxc6 10. Nxd4 Ne7 11. c4 c5 12. N4b3 a5 13. a4 Ba6 14. Qc2 O-O
15. Rd1 Re8 16. Qc3 dxc4 17. Ne4 Nf5 18. Nxd6 Nd4 19. Nxd4 Qxd6 20. Qa3 Qd5 $11
21. Qf3 Rad8 22. Be3 cxd4 23. Qxd5 Rxd5 24. Rxd4 Red8 25. Rad1 Rxd4 26. Rxd4
Rxd4 27. Bxd4 Bb7 28. Bc3 Bc6 29. Bxa5 Bxa4 30. Bc3 1/2-1/2

[Event "SK Münster 1 - Bochumer SV 1"]
[Site "NRW-Klasse, Gruppe 1 2016/201"]
[Date "2016.11.13"]
[Round "3.3"]
[White "Schneider, Bernd"]
[Black "Wolter, Kai"]
[Result "0-1"]
[WhiteElo "2322"]
[BlackElo "2224"]
[PlyCount "98"]
[EventDate "2016.??.??"]
[WhiteTeam "Bochumer SV 1"]
[BlackTeam "SK Münster 1"]

1. c4 g6 2. Nc3 Bg7 3. d4 c5 4. d5 Bxc3+ 5. bxc3 e5 6. e4 d6 7. Bd3 Nd7 8. f4
Qe7 9. Nf3 Ngf6 10. O-O exf4 11. Bxf4 Ng4 12. Qd2 f6 13. a4 O-O 14. a5 g5 15.
Bg3 h6 16. Ne1 h5 17. Be2 Nde5 18. h4 Bd7 19. Nf3 Nf7 20. Rae1 Rae8 21. Bd1 Kh8
22. Nh2 Nfe5 23. Bxg4 hxg4 24. Qe2 Qg7 25. Bxe5 fxe5 26. Nxg4 gxh4 27. Ne3 Qg5
28. Rb1 Rf4 29. Nf5 Bxf5 30. exf5 Rxf1+ 31. Rxf1 h3 32. Rf2 Rg8 33. Qf3 Qg4 34.
Qe3 Kh7 35. f6 Qd1+ 36. Kh2 Rxg2+ 37. Rxg2 hxg2 38. Qe4+ Kh6 39. Qh4+ Kg6 40.
Qg3+ Kxf6 41. Qh4+ Kf5 42. Qh7+ Kf4 43. Qh6+ Ke4 44. Qg6+ Ke3 45. Kxg2 Qf3+ 46.
Kg1 Qf2+ 47. Kh1 Qf1+ 48. Kh2 Qf4+ 49. Kh3 e4 0-1

[Event "SK Münster 1 - Bochumer SV 1"]
[Site "NRW-Klasse, Gruppe 1 2016/201"]
[Date "2016.11.13"]
[Round "3.4"]
[White "Chilla, Jan Eric"]
[Black "Heinbuch, Detlef Ulrich"]
[Result "1/2-1/2"]
[WhiteElo "2197"]
[BlackElo "2247"]
[Annotator "Hausrath,Daniel"]
[PlyCount "67"]
[EventDate "2016.??.??"]
[WhiteTeam "SK Münster 1"]
[BlackTeam "Bochumer SV 1"]

1. Nf3 d5 2. c4 dxc4 3. e3 Nf6 4. Bxc4 e6 5. O-O c5 6. Qe2 a6 7. Rd1 b5 8. Bb3
Nbd7 9. a4 Bb7 10. axb5 axb5 11. Rxa8 Qxa8 12. Na3 b4 13. Nc4 Be7 14. d3 O-O
15. e4 Qb8 16. h3 Bc6 17. Be3 Bb5 18. Nfd2 Rd8 $11 19. f4 Ne8 20. Qf2 Nd6 21.
Nxd6 Qxd6 22. Nc4 Qc7 23. f5 exf5 24. Qxf5 Rf8 25. Bf4 Qc6 26. Ne3 Nb6 27. Nd5
Nxd5 28. Bxd5 Qf6 29. Qe5 Rd8 30. Qc7 Rd7 31. Qb8+ Rd8 32. Qc7 Rd7 33. Qb8+ Rd8
34. Qc7 1/2-1/2

[Event "SK Münster 1 - Bochumer SV 1"]
[Site "NRW-Klasse, Gruppe 1 2016/201"]
[Date "2016.11.13"]
[Round "3.5"]
[White "Wolter, Detlev"]
[Black "Kamp, Christoph"]
[Result "0-1"]
[WhiteElo "2197"]
[BlackElo "2179"]
[PlyCount "54"]
[EventDate "2016.??.??"]
[WhiteTeam "Bochumer SV 1"]
[BlackTeam "SK Münster 1"]

1. d4 e6 2. c4 d5 3. Nc3 c6 4. e3 Bd6 5. Bd3 Nd7 6. e4 dxc4 7. Bxc4 e5 8. Nf3
Qe7 9. Bg5 Ngf6 10. O-O Nb6 11. Be2 Nbd7 12. Rc1 O-O 13. dxe5 Nxe5 14. Nxe5
Bxe5 15. f4 Bxc3 16. Rxc3 Qxe4 17. Bxf6 gxf6 18. Rg3+ Kh8 19. Qd6 Be6 20. Bd3
Qd5 21. Qe7 Qd8 22. Qa3 Qd4+ 23. Kh1 Rg8 24. Bb1 Bd5 25. Re1 Rxg3 26. hxg3 Qd2
27. Rg1 Qe2 0-1

[Event "SK Münster 1 - Bochumer SV 1"]
[Site "NRW-Klasse, Gruppe 1 2016/201"]
[Date "2016.11.13"]
[Round "3.6"]
[White "Bolwerk, Peter"]
[Black "Kiese, Matthias"]
[Result "0-1"]
[WhiteElo "2159"]
[BlackElo "2186"]
[PlyCount "80"]
[EventDate "2016.??.??"]
[WhiteTeam "SK Münster 1"]
[BlackTeam "Bochumer SV 1"]

1. e4 c5 2. Nf3 d6 3. d4 cxd4 4. Nxd4 Nf6 5. Nc3 a6 6. Be3 e5 7. Nb3 Be6 8. Qd2
Nbd7 9. f3 b5 10. O-O-O b4 11. Nd5 Bxd5 12. exd5 Nb6 13. Bxb6 Qxb6 14. Bd3 Be7
15. Kb1 O-O 16. Rhe1 a5 17. Be4 a4 18. Nc1 Ra5 19. g4 a3 20. b3 Rc8 21. Ne2
Rac5 22. Rc1 h6 23. Ng3 Nxe4 24. Nxe4 Bg5 25. Nxg5 hxg5 26. Re4 Rc3 27. h4 gxh4
28. g5 h3 29. f4 exf4 30. Qxf4 Qc5 31. g6 fxg6 32. Qg5 h2 33. Qxg6 Rxb3+ 34.
axb3 Qxc2+ 35. Rxc2 h1=Q+ 36. Re1 Qxe1+ 37. Ka2 Rxc2+ 38. Qxc2 Qe5 39. Qc8+ Kf7
40. Qd7+ Kf6 0-1

[Event "SK Münster 1 - Bochumer SV 1"]
[Site "NRW-Klasse, Gruppe 1 2016/201"]
[Date "2016.11.13"]
[Round "3.7"]
[White "Pewny, Uwe"]
[Black "Molinaroli, Martin"]
[Result "0-1"]
[WhiteElo "2204"]
[BlackElo "2219"]
[PlyCount "81"]
[EventDate "2016.??.??"]
[WhiteTeam "Bochumer SV 1"]
[BlackTeam "SK Münster 1"]

1. e4 d5 2. exd5 Qxd5 3. Nc3 Qd6 4. d4 Nf6 5. Nf3 a6 6. Bg5 Nbd7 7. Qe2 b5 8.
g3 Bb7 9. Bg2 e6 10. O-O Be7 11. a4 b4 12. Bf4 Qb6 13. a5 Qa7 14. Nd1 O-O 15.
c4 bxc3 16. bxc3 c5 17. dxc5 Qxc5 18. Ne5 Bxg2 19. Kxg2 Nd5 20. Nxd7 Nxf4+ 21.
gxf4 Qc6+ 22. Qf3 Qxd7 23. Ne3 Qc7 24. c4 g6 25. Rfb1 Rab8 26. Qe4 Bf6 27. Rxb8
Rxb8 28. Ra2 h5 29. Qf3 Kg7 30. Ra3 Rb2 31. Nd1 Rd2 32. Rd3 Rxd3 33. Qxd3 Qxa5
34. Ne3 Qc5 35. f5 gxf5 36. Kg1 a5 37. Qe2 f4 38. Ng2 Qe5 39. Qa2 f3 40. Ne3
Bg5 41. Qa3 0-1

[Event "SK Münster 1 - Bochumer SV 1"]
[Site "NRW-Klasse, Gruppe 1 2016/201"]
[Date "2016.11.13"]
[Round "3.8"]
[White "Rott, Georg"]
[Black "Jellinghaus, Lars"]
[Result "0-1"]
[WhiteElo "2041"]
[BlackElo "2087"]
[PlyCount "94"]
[EventDate "2016.??.??"]
[WhiteTeam "SK Münster 1"]
[BlackTeam "Bochumer SV 1"]

1. e4 e6 2. d4 d5 3. Nd2 Nc6 4. Ngf3 Nf6 5. e5 Nd7 6. Be2 f6 7. exf6 Nxf6 8.
O-O Bd6 9. c4 O-O 10. c5 Bf4 11. Nb3 Ne4 12. g3 Bxc1 13. Qxc1 Bd7 14. Qe3 Qf6
15. Nbd2 Nxd2 16. Qxd2 Kh8 17. Qe3 Rae8 18. Ne5 Nxe5 19. dxe5 Qf5 20. Rad1 a6
21. Bd3 Qh5 22. Be2 Qf5 23. Rd4 Bb5 24. Rb4 Bxe2 25. Qxe2 Rb8 26. Rd1 Qf3 27.
Qxf3 Rxf3 28. Kg2 Rf5 29. f4 g5 30. Kf3 Kg7 31. Rd3 gxf4 32. gxf4 Kg6 33. Kg4
h5+ 34. Kf3 b5 35. Ra3 Rbf8 36. Ke3 Ra8 37. Rxb5 d4+ 38. Ke4 Raf8 39. Rxa6
Rxf4+ 40. Kd3 Rf3+ 41. Kc4 d3 42. Kc3 Rd8 43. Kd2 Rf2+ 44. Kd1 Kf5 45. Rb7 Rg8
46. Ke1 Rgg2 47. Rd6 d2+ 0-1

[Event "SVG Plettenberg 1 - Bielefelder SK 1"]
[Site "NRW-Klasse, Gruppe 1 2016/201"]
[Date "2016.11.13"]
[Round "3.1"]
[White "Forchert, Martin"]
[Black "Haub, Thorsten Michael"]
[Result "1/2-1/2"]
[WhiteElo "2249"]
[BlackElo "2400"]
[PlyCount "25"]
[EventDate "2016.??.??"]
[WhiteTeam "Bielefelder SK 1"]
[BlackTeam "SVG Plettenberg 1"]

1. e4 g6 2. d4 Bg7 3. Nc3 d6 4. Be3 c6 5. a4 a5 6. g3 Nf6 7. h3 Na6 8. Bg2 O-O
9. Nge2 Qc7 10. O-O e5 11. Qd2 Nb4 12. Rad1 Re8 13. f4 1/2-1/2